| 000 | 01510nam a2200373Ia 4500 | ||
|---|---|---|---|
| 001 | ebr10303366 | ||
| 003 | CaPaEBR | ||
| 006 | m u | ||
| 007 | cr cn||||||||| | ||
| 008 | 000914s2001 iauab sb 001 0 eng d | ||
| 010 | _z 00047257 | ||
| 020 | _z9780813829784 | ||
| 020 | _z081382978X (alk. paper) | ||
| 040 |
_aCaPaEBR _cCaPaEBR |
||
| 035 | _a(OCoLC)647794769 | ||
| 050 | 1 | 4 |
_aSF996.4 _b.P37 2001eb |
| 245 | 0 | 0 |
_aParasitic diseases of wild mammals _h[electronic resource] / _cedited by William M. Samuel, Margo J. Pybus, A. Alan Kocan. |
| 250 | _a2nd ed. | ||
| 260 |
_aAmes : _bIowa State University Press, _c2001. |
||
| 300 |
_aviii, 559 p. : _bill., maps. |
||
| 500 | _aRev. ed. of: Parasitic diseases of wild animals / John William Davis. 1st ed. 1971. | ||
| 504 | _aIncludes bibliographical references and index. | ||
| 533 |
_aElectronic reproduction. _bPalo Alto, Calif. : _cebrary, _d2009. _nAvailable via World Wide Web. _nAccess may be limited to ebrary affiliated libraries. |
||
| 650 | 0 | _aWildlife diseases. | |
| 650 | 0 |
_aMammals _xParasites. |
|
| 650 | 0 | _aVeterinary parasitology. | |
| 655 | 7 |
_aElectronic books. _2local |
|
| 700 | 1 | _aSamuel, William M. | |
| 700 | 1 | _aKocan, A. Alan. | |
| 700 | 1 | _aPybus, Margaret Jean. | |
| 700 | 1 |
_aDavis, John William, _d1917- _tParasitic diseases of wild animals. |
|
| 710 | 2 | _aebrary, Inc. | |
| 856 | 4 | 0 |
_uhttp://site.ebrary.com/lib/rucke/Doc?id=10303366 _zAn electronic book accessible through the World Wide Web; click to view |
| 999 |
_c70838 _d70838 |
||